Implementación normativa paz con legalidad / (Registro nro. 29497)

Detalles MARC
000 -LEADER
fixed length control field 01081nam a2200229 4500
003 - CONTROL NUMBER IDENTIFIER
control field OSt
005 - DATE AND TIME OF LATEST TRANSACTION
control field 20221206141458.0
008 - FIXED-LENGTH DATA ELEMENTS--GENERAL INFORMATION
fixed length control field 220511s2022 ck ||||grl|||s00| 0 spa d
020 ## - INTERNATIONAL STANDARD BOOK NUMBER
International Standard Book Number 9788411138697
040 ## - CATALOGING SOURCE
Original cataloging agency CO-JMCR
Transcribing agency CO-JMCR
041 0# - LANGUAGE CODE
Language code of text/sound track or separate title spa
082 04 - DEWEY DECIMAL CLASSIFICATION NUMBER
Classification number 303.6 /
Item number C7183i
Edition number 23
110 1# - MAIN ENTRY--CORPORATE NAME
Corporate name or jurisdiction name as entry element Colombia.
9 (RLIN) 42078
Subordinate unit Consejería Presidencial Para la Estabilización y la Consolidación
245 10 - TITLE STATEMENT
Title Implementación normativa paz con legalidad /
Statement of responsibility, etc. Consejería Presidencial para la Estabilización y la Consolidación, Gobierno de Colombia
260 ## - PUBLICATION, DISTRIBUTION, ETC.
Place of publication, distribution, etc. Bogotá :
Name of publisher, distributor, etc. Tirant lo blach,
Date of publication, distribution, etc. 2022.
300 ## - PHYSICAL DESCRIPTION
Extent 989 páginas ;
Dimensions 21 cm.
505 0# - FORMATTED CONTENTS NOTE
Formatted contents note Reforma rural integral -- Participación política y apertura democrática para la construir la paz -- Fin del conflicto -- Solución al problema de las drogas ilícitas -- Implementación del acuerdo
650 14 - SUBJECT ADDED ENTRY--TOPICAL TERM
Topical term or geographic name entry element Normativa
General subdivision Paz
Chronological subdivision Siglo XXI
Geographic subdivision Colombia
9 (RLIN) 42079
650 24 - SUBJECT ADDED ENTRY--TOPICAL TERM
Topical term or geographic name entry element Implementación de acuerdos
General subdivision Paz
Chronological subdivision Siglo XXI
Geographic subdivision Colombia
9 (RLIN) 42080
650 24 - SUBJECT ADDED ENTRY--TOPICAL TERM
Topical term or geographic name entry element Drogas ilícitas
General subdivision Solución
-- Paz
Chronological subdivision Siglo XXI
Geographic subdivision Colombia
9 (RLIN) 42081
942 ## - ADDED ENTRY ELEMENTS (KOHA)
Source of classification or shelving scheme Dewey Decimal Classification
Koha item type Books
Existencias
Withdrawn status Lost status Source of classification or shelving scheme Damaged status Not for loan Home library Current library Shelving location Date acquired Source of acquisition Total Checkouts Full call number Barcode Date last seen Date last checked out Copy number Price effective from Koha item type
    Dewey Decimal Classification     Biblioteca Pública José María del Castillo y Rada Biblioteca Pública José María del Castillo y Rada General Stacks 05/09/2022 Donación 3 303.6 / C7183i 201811151 05/16/2024 11/15/2023 Ej.1 05/11/2022 Books